Planning and understanding : (Record no. 179819)
[ view plain ]
| 000 -LEADER | |
|---|---|
| fixed length control field | 01180 a2200229 4500 |
| 003 - CONTROL NUMBER IDENTIFIER | |
| control field | NUST |
| 005 - DATE AND TIME OF LATEST TRANSACTION | |
| control field | 20221021150237.0 |
| 010 ## - LIBRARY OF CONGRESS CONTROL NUMBER | |
| LC control number | 82016367 |
| 020 ## - INTERNATIONAL STANDARD BOOK NUMBER | |
| International Standard Book Number | 0201095904 |
| 040 ## - CATALOGING SOURCE | |
| Transcribing agency | Nust |
| 082 00 - DEWEY DECIMAL CLASSIFICATION NUMBER | |
| Classification number | 006.3,WIL |
| 100 1# - MAIN ENTRY--PERSONAL NAME | |
| Personal name | Wilensky, Robert, |
| 9 (RLIN) | 101116 |
| 245 10 - TITLE STATEMENT | |
| Title | Planning and understanding : |
| Remainder of title | a computational approach to human reasoning / |
| Statement of responsibility, etc. | Robert Wilensky. |
| 260 ## - PUBLICATION, DISTRIBUTION, ETC. | |
| Place of publication, distribution, etc. | Reading, Mass. : |
| Name of publisher, distributor, etc. | Addison-Wesley Pub. Co. Advanced Book Program, |
| Date of publication, distribution, etc. | 1983. |
| 300 ## - PHYSICAL DESCRIPTION | |
| Extent | xiv, 168 p. : |
| Dimensions | 24 cm. |
| 505 ## - FORMATTED CONTENTS NOTE | |
| Formatted contents note | Introduction (Page-1), Tenets of a Theory of Plans (Page-9), Planning in Everyday Situations (Page-19), Meta- Planning (Page-29), Explanation Driven Understanding (Page-41), Goal Relationships (Page-51), Negative Goal Relationships (Page-57), Reasoning about Goal Conflict (Page-71), Reasoning about Goal Competition (Page-89), Positive Goal Relationships (Page-113), Computer Implementation-Representation of Task Network (Page-127), Computer Implementation - Programs (Page-141). |
| 650 #0 - SUBJECT ADDED ENTRY--TOPICAL TERM | |
| Topical term or geographic name entry element | Artificial intelligence. |
| 650 #0 - SUBJECT ADDED ENTRY--TOPICAL TERM | |
| Topical term or geographic name entry element | Problem solving. |
| 650 #0 - SUBJECT ADDED ENTRY--TOPICAL TERM | |
| Topical term or geographic name entry element | Psycholinguistics. |
| 9 (RLIN) | 101117 |
| 650 #0 - SUBJECT ADDED ENTRY--TOPICAL TERM | |
| Topical term or geographic name entry element | Reasoning (Psychology) |
| 9 (RLIN) | 101118 |
| 942 ## - ADDED ENTRY ELEMENTS (KOHA) | |
| Source of classification or shelving scheme | |
| Koha item type | Book |
| Call number prefix | 006.3,WIL |
| Withdrawn status | Lost status | Source of classification or shelving scheme | Damaged status | Not for loan | Permanent Location | Current Location | Shelving location | Date acquired | Full call number | Barcode | Date last seen | Price effective from | Koha item type | Public note |
|---|---|---|---|---|---|---|---|---|---|---|---|---|---|---|
| Military College of Signals (MCS) | Military College of Signals (MCS) | General Stacks | 12/12/2016 | 006.3,WIL | MCS2520 | 12/08/2016 | 12/12/2016 | Book | Almirah No.7, Shelf No.3 |
